My faverite Book (Record no. 83)

MARC details
000 -LEADER
fixed length control field 00441nam a22001457a 4500
003 - CONTROL NUMBER IDENTIFIER
control field OSt
005 - DATE AND TIME OF LATEST TRANSACTION
control field 20160727222341.0
008 - FIXED-LENGTH DATA ELEMENTS--GENERAL INFORMATION
fixed length control field 160620b xxu||||| |||| 00| 0 eng d
040 ## - CATALOGING SOURCE
Transcribing agency TEST
100 ## - MAIN ENTRY--PERSONAL NAME
9 (RLIN) 105
Personal name Robert, et al
245 ## - TITLE STATEMENT
Title My faverite Book
Remainder of title A Book about Doing Your Best and Being Your Best
260 ## - PUBLICATION, DISTRIBUTION, ETC. (IMPRINT)
Place of publication, distribution, etc. U.S.A
Name of publisher, distributor, etc. Stith Foneral Home
Date of publication, distribution, etc. 2002
300 ## - PHYSICAL DESCRIPTION
Extent My faverite Book:A Book about Doing Your Best and Being Your Best
942 ## - ADDED ENTRY ELEMENTS (KOHA)
Source of classification or shelving scheme Dewey Decimal Classification
Koha item type BOOK
Holdings
Withdrawn status Lost status Source of classification or shelving scheme Damaged status Not for loan Home library Current library Date acquired Total Checkouts Full call number Barcode Date last seen Price effective from Koha item type
    Dewey Decimal Classification     Good Samaritan School Library Good Samaritan School Library 06/20/2016   80 ROB76 06/20/2016 06/20/2016 BOOK

Powered by Koha